00970nam a2200229 a 450000100100000000500170001000800410002704000250006808200200009310000440011324500640015726000450022130000200026650000710028659000260035765000370038365000280042091000370044895201170048595201230060299900150072500000892020200929161435.0090921s1997 dr 000 p spa d aDO-SdBNPbspacBNPHU aCu861.44bL864v1 aLópez Serrano, José Andrés92348310aVersos de entendimiento /cJosé Andrés López Serreno. aSanto Domingo :bAmigo del Hogar,c1997. a80 p. ;c22 cm. aIncluye datos biográficos del autor en la solapa de la cubierta. aInventariado, 2018/LP 4aPoesía religiosa cubana923484 4aLiteratura cubana91483 aValidado. Control de calidad MFF 0010718PDaPDbPDcHDd2009-09-21iLF1l0oCu861.44 L864vp8920-10r2020-06-25w2020-06-25yLFPDZNo se presta 0011718PDaPDbPDcMId2009-09-29iLF1l0oCu861.44 L864vp8920-20r2020-06-25te. 2w2020-06-25yLFPDZNo se presta c8686d8686